Vybrané otázky podnikání v potravinářskem průmyslu v podmínkach přechodu k tržní ekonomice

Na minha lista:
Detalhes bibliográficos
Autor principal: Mezera, Josef
Formato: Livro
Idioma:tcheco
Publicado em: Praha Výzkumný ústav potr. prům. 1991
Edição:1. vyd.
Tags: Adicionar Tag
Sem tags, seja o primeiro a adicionar uma tag!

MARC

LEADER 00000nam a2200000 4500
001 c024449
005 20221214095226.7
041 0 |a cze 
044 |a CZ 
245 1 0 |a Vybrané otázky podnikání v potravinářskem průmyslu v podmínkach přechodu k tržní ekonomice  |c Josef Mezera a kol. 
250 |a 1. vyd. 
264 1 |a Praha  |b Výzkumný ústav potr. prům.  |c 1991 
300 |a 84 s. 
100 1 |a Mezera, Josef